[Event "Lethbridge op"]
[Site "Lethbridge"]
[Date "2015.04.12"]
[Round "4"]
[White "Tran Ly, Tristan"]
[Black "Bentley, Bill"]
[Result "1-0"]
[WhiteElo "1888"]
[BlackElo "1846"]
[PlyCount "77"]
[EventDate "2015.04.11"]
[EventType "swiss"]
[EventRounds "5"]
[EventCountry "CAN"]
[SourceTitle "EXT 2017"]
[Source "ChessBase"]
[SourceDate "2016.10.25"]
[SourceVersion "1"]
[SourceVersionDate "2016.10.25"]
[SourceQuality "1"]

1. d4 e6 2. c4 f5 3. g3 Nf6 4. Bg2 d5 5. Nf3 c6 6. b3 Bd6 7. 0-0 Qe7 8. Ne5 Nbd7 9. Nd3 0-0 10. Bb2 e5 11. dxe5 Nxe5 12. cxd5 cxd5 13. Nxe5 Bxe5 14. Nc3 Be6 15. Nxd5 Nxd5 16. Bxe5 Rfd8 17. Qd4 Nb6 18. Qb2 Bd5 19. Bh3 Re8 20. Bd4 Qe4 21. f3 Qxe2 22. Qxe2 Rxe2 23. Bxf5 Rf8 24. Bg4 Rd2 25. Rad1 Rxd1 26. Rxd1 Bc6 27. a4 Re8 28. Kf2 g6 29. a5 Nc8 30. Bxc8 Rxc8 31. Bxa7 Bb5 32. Rd2 Rc3 33. b4 Bc6 34. Be3 Rb3 35. Rd4 Rb2+ 36. Bd2 Rb3 37. Bh6 Rxf3+ 38. Ke2 Kf7 39. b5 1-0

[Event "Lethbridge op"]
[Site "Lethbridge"]
[Date "2015.04.11"]
[Round "3"]
[White "Szulski, Adam"]
[Black "Bentley, Bill"]
[Result "0-1"]
[WhiteElo "1745"]
[BlackElo "1846"]
[PlyCount "64"]
[EventDate "2015.04.11"]
[EventType "swiss"]
[EventRounds "5"]
[EventCountry "CAN"]
[SourceTitle "EXT 2017"]
[Source "ChessBase"]
[SourceDate "2016.10.25"]
[SourceVersion "1"]
[SourceVersionDate "2016.10.25"]
[SourceQuality "1"]

1. e4 e6 2. d4 d5 3. Nd2 Nf6 4. e5 Nfd7 5. Ngf3 c5 6. c3 Nc6 7. Be2 Qb6 8. Qb3 cxd4 9. Qxb6 Nxb6 10. cxd4 a5 11. a3 a4 12. 0-0 Bd7 13. h3 Be7 14. Nh2 Nxd4 15. Bd3 0-0 16. f4 Bc5 17. Kh1 Rac8 18. Ndf3 Nb3 19. Rb1 Rc7 20. g4 Rfc8 21. Bd2 Nxd2 22. Nxd2 Be3 23. Rbd1 Bc6 24. f5 Nc4 25. Nxc4 dxc4+ 26. Nf3 cxd3 27. Rxd3 Bb6 28. Rfd1 Bd5 29. Kh2 Rc2+ 30. Kg3 h6 31. Nd4 Rxb2 32. Nf3 Rb3 0-1

[Event "Calgary Alberta op"]
[Site "Calgary"]
[Date "2014.10.13"]
[Round "6.12"]
[White "Bentley, Bill"]
[Black "Allan, Phillip"]
[Result "1/2-1/2"]
[WhiteElo "1931"]
[BlackElo "1871"]
[PlyCount "44"]
[EventDate "2014.10.11"]
[EventType "swiss"]
[EventRounds "6"]
[EventCountry "CAN"]
[SourceTitle "EXT 2022"]
[Source "ChessBase"]
[SourceDate "2021.10.06"]
[SourceVersion "1"]
[SourceVersionDate "2021.10.06"]
[SourceQuality "1"]

1. d4 Nf6 2. c4 e5 3. dxe5 Ng4 4. Bf4 Nc6 5. Nf3 Bb4+ 6. Nbd2 Qe7 7. e3 0-0 8. Be2 Ngxe5 9. 0-0 a5 10. a3 Bd6 11. Bg3 Nxf3+ 12. Nxf3 Bxg3 13. hxg3 d6 14. Qc2 Qf6 15. Bd3 g6 16. Rac1 Ne5 17. Nxe5 Qxe5 18. Rfd1 Bg4 19. Be2 Bxe2 20. Qxe2 h6 21. Qd2 Rfe8 22. Qc3 Qxc3 1/2-1/2

[Event "Calgary Alberta op"]
[Site "Calgary"]
[Date "2014.10.12"]
[Round "4.11"]
[White "Lee, Nicholas"]
[Black "Bentley, Bill"]
[Result "1/2-1/2"]
[WhiteElo "1750"]
[BlackElo "1931"]
[PlyCount "105"]
[EventDate "2014.10.11"]
[EventType "swiss"]
[EventRounds "6"]
[EventCountry "CAN"]
[SourceTitle "EXT 2022"]
[Source "ChessBase"]
[SourceDate "2021.10.06"]
[SourceVersion "1"]
[SourceVersionDate "2021.10.06"]
[SourceQuality "1"]

1. e4 e6 2. d4 d5 3. Nd2 Nf6 4. e5 Nfd7 5. f4 c5 6. c3 Nc6 7. Ndf3 Qb6 8. Ne2 cxd4 9. cxd4 Be7 10. g3 0-0 11. Bh3 f6 12. Bxe6+ Kh8 13. Bxd5 fxe5 14. fxe5 Ncxe5 15. dxe5 Nxe5 16. Bf4 Bb4+ 17. Nc3 Ng4 18. Qd2 Re8+ 19. Kf1 Bxc3 20. bxc3 Nf6 21. Ng5 h6 22. Nf7+ Kh7 23. Re1 Nxd5 24. Qd3+ g6 25. Kg2 Nxf4+ 26. gxf4 Bf5 27. Qd2 Be4+ 28. Rxe4 Rxe4 29. Re1 Qe6 30. Ne5 Rxe1 31. Qxe1 Qxa2+ 32. Kg3 Qd5 33. Qb1 Rg8 34. c4 Qd4 35. Qxb7+ Rg7 36. Qc6 g5 37. Ng4 Qxf4+ 38. Kh3 Qf1+ 39. Kg3 Qe1+ 40. Kg2 Qe2+ 41. Kg3 Qd3+ 42. Kf2 Rf7+ 43. Kg2 Qg6 44. Qd5 Rf4 45. Qb7+ Qf7 46. Qb1+ Kg7 47. Qb2+ Kh7 48. Qb1+ Qg6 49. Qb7+ Rf7 50. Qd5 Qc2+ 51. Kg3 Qc3+ 52. Kg2 Qb2+ 53. Kh3 1/2-1/2

[Event "Red Deer op"]
[Site "Red Deer"]
[Date "2013.01.27"]
[Round "4"]
[White "Jawad, Atheer"]
[Black "Bentley, Bill"]
[Result "1-0"]
[WhiteElo "1653"]
[BlackElo "1849"]
[PlyCount "53"]
[EventDate "2013.01.26"]
[EventType "swiss"]
[EventRounds "5"]
[EventCountry "CAN"]
[SourceTitle "EXT 2022"]
[Source "ChessBase"]
[SourceDate "2021.10.06"]
[SourceVersion "1"]
[SourceVersionDate "2021.10.06"]
[SourceQuality "1"]

1. d4 e6 2. c4 f5 3. Nc3 Nf6 4. Nf3 Bb4 5. Bd2 0-0 6. e3 c6 7. Bd3 d5 8. 0-0 Bd6 9. Qc2 Ne4 10. a3 Nd7 11. b4 Ndf6 12. b5 Bd7 13. a4 Nxd2 14. Qxd2 Ne4 15. Qc2 Be8 16. Ne5 Rc8 17. bxc6 bxc6 18. f4 Qa5 19. Nxe4 fxe4 20. Be2 c5 21. Bg4 Bf7 22. Nxf7 Kxf7 23. cxd5 Ke7 24. Qxe4 Rf6 25. Bxe6 Rc7 26. Qxh7 Ke8 27. Rab1 1-0

[Event "Canadian op"]
[Site "Edmonton"]
[Date "2009.07.16"]
[Round "6.63"]
[White "Bentley, Bill"]
[Black "Long, Hugh"]
[Result "1-0"]
[WhiteElo "1854"]
[BlackElo "1672"]
[PlyCount "107"]
[EventDate "2009.07.11"]
[EventType "swiss"]
[EventRounds "9"]
[EventCountry "CAN"]
[SourceTitle "EXT 2022"]
[Source "ChessBase"]
[SourceDate "2021.10.06"]
[SourceVersion "1"]
[SourceVersionDate "2021.10.06"]
[SourceQuality "1"]

1. d4 Nf6 2. c4 e6 3. Nf3 d5 4. Bg5 Be7 5. Nc3 Nbd7 6. e3 h6 7. Bh4 g5 8. Bg3 c6 9. Rc1 Nh5 10. Bd3 Nxg3 11. hxg3 Bf6 12. Qe2 Bg7 13. e4 dxe4 14. Nxe4 Nf6 15. 0-0 Nxe4 16. Qxe4 f5 17. Qe3 Kf7 18. Rcd1 Re8 19. Ne5+ Kg8 20. g4 Qc7 21. Kh1 c5 22. Nf3 fxg4 23. Nd2 cxd4 24. Qe4 Bd7 25. Qxg4 e5 26. Qh5 Bc6 27. Rde1 Re6 28. Ne4 Bxe4 29. Rxe4 Rf8 30. Qe2 Rf4 31. g3 Rxe4 32. Bxe4 Re7 33. Bd5+ Kh8 34. Qe4 Qd7 35. Kg2 b6 36. Rh1 Qd6 37. Qg4 Qg6 38. Be4 Qf6 39. b3 Rf7 40. Rf1 Rf8 41. Qd7 a5 42. Qg4 Rd8 43. Bd3 Kg8 44. Qe2 Re8 45. Qe4 Kf8 46. Rc1 Rc8 47. Qg4 Re8 48. c5 h5 49. Qe4 bxc5 50. Rxc5 Qb6 51. Rc6 Qd8 52. Qf5+ Kg8 53. Qh7+ Kf8 54. Bc4 1-0

[Event "Canadian op"]
[Site "Edmonton"]
[Date "2009.07.15"]
[Round "5.41"]
[White "Willis, Bradley"]
[Black "Bentley, Bill"]
[Result "1-0"]
[WhiteElo "2072"]
[BlackElo "1854"]
[PlyCount "65"]
[EventDate "2009.07.11"]
[EventType "swiss"]
[EventRounds "9"]
[EventCountry "CAN"]
[SourceTitle "EXT 2022"]
[Source "ChessBase"]
[SourceDate "2021.10.06"]
[SourceVersion "1"]
[SourceVersionDate "2021.10.06"]
[SourceQuality "1"]

1. d4 Nf6 2. Nf3 e6 3. e3 c5 4. Bd3 d5 5. b3 Be7 6. Nbd2 0-0 7. Bb2 b6 8. Ne5 Bb7 9. Qf3 Nbd7 10. Qh3 g6 11. 0-0 Ne4 12. Ndf3 Rc8 13. Nxd7 Qxd7 14. Ne5 Qd8 15. f3 Nd6 16. c4 Nf5 17. Ng4 cxd4 18. exd4 dxc4 19. bxc4 Nxd4 20. Rad1 Bc5 21. Kh1 f6 22. Qh6 Rc7 23. Rfe1 e5 24. f4 Qa8 25. Ne3 Nf5 26. Bxf5 gxf5 27. Nd5 Bxd5 28. Rxd5 Bb4 29. Red1 Rxc4 30. Rd7 Rf7 31. Rxf7 Kxf7 32. Qxh7+ Ke6 33. Qd7# 1-0

[Event "Edmonton April Sect op"]
[Site "Edmonton"]
[Date "2005.04.??"]
[Round "?"]
[White "Pasco, Alvin"]
[Black "Bentley, Bill"]
[Result "1-0"]
[WhiteElo "1767"]
[BlackElo "1767"]
[PlyCount "35"]
[EventDate "2005.04.02"]
[EventType "swiss"]
[EventRounds "5"]
[EventCountry "CAN"]
[SourceTitle "EXT 2007"]
[Source "ChessBase"]
[SourceDate "2006.11.23"]
[SourceVersion "1"]
[SourceVersionDate "2006.11.23"]
[SourceQuality "1"]

1. Nf3 Nf6 2. c4 c5 3. g3 g6 4. Bg2 Bg7 5. 0-0 0-0 6. d4 cxd4 7. Nxd4 Nc6 8. Nc3 a6 9. Nxc6 dxc6 10. e4 e5 11. a3 Be6 12. Qe2 Qc7 13. Be3 Rad8 14. b3 Rfe8 15. Na4 b5 16. cxb5 cxb5 17. Rac1 Qb8 18. Nc3 1-0

[Event "Southern Alberta op"]
[Site "Calgary"]
[Date "2002.11.17"]
[Round "4"]
[White "Hughey, Micah"]
[Black "Bentley, Bill"]
[Result "1/2-1/2"]
[WhiteElo "2032"]
[BlackElo "1903"]
[PlyCount "60"]
[EventDate "2002.11.16"]
[EventType "swiss"]
[EventRounds "5"]
[EventCountry "CAN"]
[SourceTitle "EXT 2017"]
[Source "ChessBase"]
[SourceDate "2016.10.25"]
[SourceVersion "1"]
[SourceVersionDate "2016.10.25"]
[SourceQuality "1"]

1. e4 e6 2. d4 d5 3. Nc3 Bb4 4. a3 Bxc3+ 5. bxc3 dxe4 6. f3 c5 7. Bc4 cxd4 8. cxd4 Qc7 9. Qe2 Nc6 10. Bb2 exf3 11. Nxf3 Nf6 12. d5 Nxd5 13. Bxg7 Rg8 14. Bxd5 Qa5+ 15. c3 Rxg7 16. Bxc6+ bxc6 17. 0-0 Ba6 18. c4 Qc5+ 19. Rf2 0-0-0 20. Rb1 Rdg8 21. Kh1 Qxc4 22. Qe5 Bb7 23. Qf6 Rxg2 24. Rxg2 Rxg2 25. Kxg2 Qc2+ 26. Nd2 Qxd2+ 27. Qf2 c5+ 28. Kg1 Qxf2+ 29. Kxf2 Kc7 30. Ke3 Bd5 1/2-1/2

[Event "Alberta op"]
[Site "Calgary"]
[Date "2002.10.15"]
[Round "1"]
[White "Bentley, Bill"]
[Black "Kaminski, Victor Kazimierz"]
[Result "0-1"]
[WhiteElo "1947"]
[BlackElo "1685"]
[PlyCount "64"]
[EventDate "2002.10.15"]
[EventType "swiss"]
[EventRounds "6"]
[EventCountry "CAN"]
[SourceTitle "EXT 2007"]
[Source "ChessBase"]
[SourceDate "2006.11.23"]
[SourceVersion "1"]
[SourceVersionDate "2006.11.23"]
[SourceQuality "1"]

1. d4 Nf6 2. Nf3 g6 3. Nc3 Bg7 4. e4 d6 5. Be3 0-0 6. Qd2 Bg4 7. Ng5 Nc6 8. h3 Bd7 9. d5 Nb8 10. 0-0-0 c5 11. f4 Qb6 12. Bd3 Na6 13. a3 h6 14. Nf3 Nc7 15. g4 Bb5 16. Bxb5 Nxb5 17. e5 Nd7 18. Rhe1 Qa5 19. Nxb5 Qxb5 20. Bf2 Rac8 21. c3 c4 22. Bxa7 b6 23. Nd4 Qa6 24. Nc6 Rxc6 25. dxc6 Nc5 26. Qd5 dxe5 27. c7 Qxa7 28. Qd8 Qb7 29. Kb1 Nd3 30. Rg1 exf4 31. Qxe7 Rc8 32. h4 Qxc7 0-1